Music Quiz

Random Music or Song Quiz
Score 0/25 Timer 05:00
0 Plays Today
% Correct
Another One Bites the Dust
96.8%
Jump
96%
Sweet Child O' Mine
95.9%
Welcome to the Jungle
93.7%
Paradise City
93.1%
Pour Some Sugar on Me
92.7%
Radio Ga Ga
90.1%
I Want to Break Free
87.9%
Can't Fight This Feeling
87.1%
Panama
85.6%
Keep On Loving You
83.9%
Armageddon It
80.7%
Love Bites
79.9%
% Correct
Animal
79.8%
Patience
76.9%
A Kind of Magic
76.1%
Take It on the Run
74.6%
Why Can't This Be Love
73.5%
Rocket
63.3%
Nightrain
61.6%
It's a Hard Life
58.2%
One Lonely Night
58%
That Ain't Love
53.5%
Dreams
49.8%
I'll Wait
45.8%
Remove Ads.
Support Sporcle.
Get the best of Sporcle when you Go Orange. This ad-free experience offers more features, more stats, and more fun while also helping to support Sporcle. Thank you for becoming a member.

You're not logged in!

Compare scores with friends on all Sporcle quizzes.
OR
Log In

Show Comments

Extras

Top Quizzes Today


Score Distribution

Your Account Isn't Verified!

In order to create a playlist on Sporcle, you need to verify the email address you used during registration. Go to your Sporcle Settings to finish the process.

Report this User

Report this user for behavior that violates our Community Guidelines.

Details: